[Event "TUR-chT 2nd League"]
[Site "Konya"]
[Date "2022.08.24"]
[Round "4.15"]
[White "Erdal, Eylul"]
[Black "Meylani, Irem Serdil"]
[Result "0-1"]
[WhiteElo "1177"]
[BlackElo "1427"]
[PlyCount "114"]
[EventDate "2022.08.22"]
[EventType "team-swiss"]
[EventRounds "9"]
[EventCountry "TUR"]
[SourceTitle "CBM 210 Extra"]
[Source "ChessBase"]
[SourceDate "2022.11.30"]
[SourceVersion "1"]
[SourceVersionDate "2022.11.30"]
[SourceQuality "1"]
[WhiteTeam "Samsun Gercek"]
[BlackTeam "Yalova Altinkale"]
[WhiteTeamCountry "TUR"]
[BlackTeamCountry "TUR"]

1. e4 c6 2. d4 d5 3. Nd2 dxe4 4. Nxe4 Bf5 5. Ng3 Bg6 6. Nf3 Nd7 7. Bd3 Bxd3 8. Qxd3 e6 9. 0-0 Ngf6 10. Re1 Be7 11. c4 0-0 12. Be3 Re8 13. Red1 Qc7 14. Qc3 Bd6 15. Rac1 Rad8 16. b3 Bf4 17. Bxf4 Qxf4 18. Re1 Qc7 19. Re2 c5 20. Rce1 cxd4 21. Nxd4 Nc5 22. Re3 Qb6 23. Nc2 Qd6 24. h3 Qd2 25. Qxd2 Rxd2 26. R3e2 Rd7 27. Ne3 Red8 28. Kf1 Kf8 29. Rc2 h6 30. h4 Rd4 31. h5 a5 32. Rc3 Rh4 33. Rd1 Rxd1+ 34. Nxd1 Nxh5 35. Nxh5 Rxh5 36. Rc2 Ke7 37. Rd2 b6 38. Nc3 Rf5 39. Kg1 Re5 40. f3 Nd7 41. Kf2 g5 42. Nb5 Rc5 43. Rd1 h5 44. Nd4 a4 45. Nb5 axb3 46. axb3 Ne5 47. Kg3 h4+ 48. Kh3 f6 49. Nd4 Nc6 50. Nb5 Na5 51. b4 Rxc4 52. bxa5 bxa5 53. Ra1 a4 54. Kh2 e5 55. Kg1 Ke6 56. Kf2 f5 57. Ra2 g4 0-1

[Event "TUR-ch (Women)"]
[Site "Ankara"]
[Date "2020.03.05"]
[Round "6"]
[White "Gokbulut, Julia"]
[Black "Meylani, Irem Serdil"]
[Result "1-0"]
[WhiteElo "1981"]
[BlackElo "1462"]
[PlyCount "121"]
[EventDate "2020.03.02"]
[EventType "swiss"]
[EventRounds "9"]
[EventCountry "TUR"]
[SourceTitle "CBM 195 Extra"]
[Source "ChessBase"]
[SourceDate "2020.05.31"]
[SourceVersion "1"]
[SourceVersionDate "2020.05.31"]
[SourceQuality "1"]

1. d4 Nf6 2. c4 e5 3. d5 g6 4. Nc3 Bg7 5. e4 d6 6. Be2 Nbd7 7. h4 Nc5 8. Bf3 h5 9. b4 Na6 10. a3 Ng4 11. Bg5 Bf6 12. Bxf6 Qxf6 13. Nge2 Nb8 14. Nb5 Qe7 15. Qd2 a6 16. Nbc3 Bd7 17. Nc1 f5 18. Nd3 b6 19. 0-0-0 fxe4 20. Bxe4 Bf5 21. Rde1 Nd7 22. f3 Ngf6 23. Nf2 0-0-0 24. Qc2 Rdg8 25. Rh2 Qh7 26. Rg1 Qh6+ 27. Qd2 Qxd2+ 28. Kxd2 a5 29. g4 hxg4 30. fxg4 Bxe4 31. Nfxe4 Nxe4+ 32. Nxe4 Rf8 33. Ke3 Rf4 34. h5 gxh5 35. gxh5 axb4 36. axb4 Kb7 37. h6 Nf6 38. Nxf6 Rxf6 39. h7 Rf7 40. Rgh1 c6 41. Rh6 Kc7 42. Ra1 Kb7 43. Rah1 Kc7 44. R1h4 c5 45. b5 Rg7 46. Ke4 Rf7 47. R6h5 Kd7 48. Ke3 Ke7 49. Rh6 Rf6 50. Rxf6 Kxf6 51. Rh6+ Kg5 52. Rxd6 Rxh7 53. Rxb6 Kf5 54. Rb8 Rh3+ 55. Kf2 e4 56. b6 Rb3 57. b7 e3+ 58. Kf3 e2+ 59. Kxe2 Rb2+ 60. Kd3 Rb3+ 61. Kc2 1-0

[Event "TUR-ch (Women)"]
[Site "Ankara"]
[Date "2020.03.03"]
[Round "3"]
[White "Meylani, Irem Serdil"]
[Black "Guvenc, Hilal"]
[Result "0-1"]
[WhiteElo "1462"]
[BlackElo "1185"]
[PlyCount "28"]
[EventDate "2020.03.02"]
[EventType "swiss"]
[EventRounds "9"]
[EventCountry "TUR"]
[SourceTitle "CBM 195 Extra"]
[Source "ChessBase"]
[SourceDate "2020.05.31"]
[SourceVersion "1"]
[SourceVersionDate "2020.05.31"]
[SourceQuality "1"]

1. e4 e5 2. Nf3 Nc6 3. d4 exd4 4. Bc4 Nf6 5. e5 d5 6. Bb5 Ne4 7. Nxd4 Bc5 8. Nxc6 Bxf2+ 9. Kf1 bxc6 10. Bxc6+ Kf8 11. Qxd5 Ba6+ 12. Bb5 Bxb5+ 13. c4 Bxc4+ 14. Qxc4 Qd1# 0-1

[Event "TUR-chT 2nd League"]
[Site "Konya"]
[Date "2019.07.23"]
[Round "3.13"]
[White "Meylani, Irem Serdil"]
[Black "Demirelli, Leman"]
[Result "1-0"]
[WhiteElo "1411"]
[BlackElo "1370"]
[PlyCount "114"]
[EventDate "2019.07.22"]
[EventType "team-swiss"]
[EventRounds "9"]
[EventCountry "TUR"]
[SourceTitle "CBM 191 Extra"]
[Source "ChessBase"]
[SourceDate "2019.09.30"]
[SourceVersion "1"]
[SourceVersionDate "2019.09.30"]
[SourceQuality "1"]
[WhiteTeam "Yalova Altinkale"]
[BlackTeam "Pamukkale Yonetimi"]
[WhiteTeamCountry "TUR"]
[BlackTeamCountry "TUR"]

1. e4 c5 2. Nf3 d6 3. b3 Nf6 4. d3 g6 5. Bb2 Bg7 6. Nbd2 0-0 7. Be2 Nc6 8. 0-0 e5 9. c3 Ne8 10. Re1 Nc7 11. Nf1 Ne6 12. Ne3 Nf4 13. d4 Bd7 14. Qd2 Qc8 15. Nc4 Qc7 16. dxe5 dxe5 17. Rad1 Rad8 18. Qd6 Qxd6 19. Nxd6 Nxe2+ 20. Rxe2 Bg4 21. Red2 b6 22. h3 Bxf3 23. gxf3 f6 24. Nb5 a5 25. Rd6 Rc8 26. Na3 Rfd8 27. Nc4 b5 28. Rxd8+ Rxd8 29. Rxd8+ Nxd8 30. Nxa5 Bf8 31. a3 Kf7 32. a4 b4 33. Nc4 Ke8 34. Kf1 Kd7 35. Ke2 Kc6 36. cxb4 cxb4 37. f4 exf4 38. Bxf6 Ne6 39. Ne5+ Kd6 40. Nd3 Kc6 41. Kf3 g5 42. Kg4 h6 43. Kf5 Kd7 44. Kg4 Nc7 45. h4 gxh4 46. Nxf4 Ne6 47. Nd3 h3 48. Kxh3 Ng5+ 49. Bxg5 hxg5 50. Kg4 Be7 51. f4 gxf4 52. Kxf4 Ke6 53. Ke3 Kd7 54. Kd4 Kc6 55. Kc4 Kc7 56. Nxb4 Kb7 57. Nd5 Bf8 1-0

[Event "World School-ch U17 Girls"]
[Site "Antalya"]
[Date "2019.04.26"]
[Round "9"]
[White "Meylani, Irem Serdil"]
[Black "Ahmadova, Raya"]
[Result "0-1"]
[WhiteElo "1309"]
[BlackElo "1468"]
[PlyCount "50"]
[EventDate "2019.04.18"]
[EventType "swiss"]
[EventRounds "9"]
[EventCountry "TUR"]
[SourceTitle "CBM 190 Extra"]
[Source "ChessBase"]
[SourceDate "2019.07.15"]
[SourceVersion "1"]
[SourceVersionDate "2019.07.15"]
[SourceQuality "1"]

1. e4 c5 2. Nf3 e6 3. d4 cxd4 4. Nxd4 a6 5. Bd3 Nf6 6. 0-0 Nc6 7. Nxc6 bxc6 8. Qe2 Be7 9. c4 d5 10. Rd1 dxc4 11. Bxc4 Qc7 12. Nc3 0-0 13. Be3 Bb7 14. Rac1 c5 15. Bg5 Rfd8 16. Kh1 h6 17. Bh4 Rd4 18. Rxd4 cxd4 19. Nb1 Nxe4 20. Bxe7 Qxe7 21. Rd1 Qh4 22. Kg1 Ng5 23. Qe5 Qg4 24. Qg3 Qxd1+ 25. Bf1 Qxb1 0-1

[Event "TUR-chT 2nd League"]
[Site "Konya"]
[Date "2017.07.18"]
[Round "3.11"]
[White "Meylani, Irem Serdil"]
[Black "Ozdemir, Cemre"]
[Result "1/2-1/2"]
[WhiteElo "1288"]
[BlackElo "1235"]
[PlyCount "95"]
[EventDate "2017.07.17"]
[EventType "team-swiss"]
[EventRounds "9"]
[EventCountry "TUR"]
[SourceTitle "CBM 179 Extra"]
[Source "ChessBase"]
[SourceDate "2017.08.23"]
[SourceVersion "1"]
[SourceVersionDate "2017.08.23"]
[SourceQuality "1"]
[WhiteTeam "Yalova Altinkale"]
[BlackTeam "Kahramanmaras Ustad"]
[WhiteTeamCountry "TUR"]
[BlackTeamCountry "TUR"]

1. e4 e5 2. Nf3 Nc6 3. Bb5 a6 4. Ba4 Nf6 5. 0-0 b5 6. Bb3 Bc5 7. d3 h6 8. c3 0-0 9. Re1 d6 10. h3 Re8 11. Nbd2 Bb6 12. Nf1 Na5 13. Bc2 c5 14. Ng3 Nc6 15. Nh4 Bc7 16. Nhf5 Ne7 17. Qf3 Ng6 18. Bb3 Be6 19. Bd2 a5 20. Nh5 Nxh5 21. Qxh5 Qf6 22. Re3 Nf4 23. Qg4 h5 24. Qf3 Bxf5 25. exf5 Qxf5 26. Re4 Rf8 27. Bxf4 exf4 28. Rxf4 Qh7 29. Bxf7+ Kh8 30. Bxh5 Rxf4 31. Qxa8+ Qg8 32. Qxg8+ Kxg8 33. Re1 Rf8 34. Re7 Bb8 35. Rb7 b4 36. a3 bxc3 37. bxc3 Rc8 38. c4 Rd8 39. a4 Kh7 40. Bf7 Kh6 41. g3 g6 42. Re7 Rf8 43. Kg2 Kg5 44. Bd5 Rc8 45. f4+ Kh6 46. Bf7 Rf8 47. Re8 Rxe8 48. Bxe8 1/2-1/2